Animal behavior: (Record no. 4442)

MARC details
000 -LEADER
fixed length control field 00586nam a22002177a 4500
003 - CONTROL NUMBER IDENTIFIER
control field OSt
005 - DATE AND TIME OF LATEST TRANSACTION
control field 20220107122755.0
008 - FIXED-LENGTH DATA ELEMENTS--GENERAL INFORMATION
fixed length control field 140721b xxu||||| |||| 00| 0 eng d
020 ## - INTERNATIONAL STANDARD BOOK NUMBER
International Standard Book Number 9780878930050
040 ## - CATALOGING SOURCE
Transcribing agency IIITM-K
082 ## - DEWEY DECIMAL CLASSIFICATION NUMBER
Classification number 591.5 ALC/A
100 ## - MAIN ENTRY--PERSONAL NAME
Personal name Alcock, John
9 (RLIN) 5727
245 ## - TITLE STATEMENT
Title Animal behavior:
Remainder of title An evolutionary approach
Statement of responsibility, etc. by John Alcock
250 ## - EDITION STATEMENT
Edition statement 8th ed.
260 ## - PUBLICATION, DISTRIBUTION, ETC.
Place of publication, distribution, etc. U.S.A,
Name of publisher, distributor, etc. Sinauer Associates,
Date of publication, distribution, etc. 2005.
300 ## - PHYSICAL DESCRIPTION
Extent xii, 564p.
650 ## - SUBJECT ADDED ENTRY--TOPICAL TERM
Topical term or geographic name entry element BEHAVIORAL SCIENCE
9 (RLIN) 5728
650 ## - SUBJECT ADDED ENTRY--TOPICAL TERM
Topical term or geographic name entry element ANIMAL SCIENCE
9 (RLIN) 5729
650 ## - SUBJECT ADDED ENTRY--TOPICAL TERM
Topical term or geographic name entry element ANIMAL BEHAVIOR
9 (RLIN) 5730
942 ## - ADDED ENTRY ELEMENTS (KOHA)
Source of classification or shelving scheme Dewey Decimal Classification
Koha item type Books
Holdings
Withdrawn status Lost status Source of classification or shelving scheme Damaged status Not for loan Collection code Home library Current library Shelving location Date acquired Cost, normal purchase price Total Checkouts Full call number Barcode Date last seen Date last checked out Price effective from Koha item type
    Dewey Decimal Classification     Animal Behavior Kerala University of Digital Sciences, Innovation and Technology Knowledge Centre Kerala University of Digital Sciences, Innovation and Technology Knowledge Centre Ecology 21/07/2014 3604.00 2 591.5 ALC/A 4008 28/01/2023 24/11/2022 21/07/2014 Books